000 00690nam a22002417a 4500
003 UA-OsUOA
001 29749
007 ta
008 20041026b un ||||| |||| 00| 0 ukr d
100 _aПетраш О.
090 _a82.09(477)
_bП30
942 _cBK
040 _aUA-OsUOA
_bukr
_cUA-OsUOA
_dUA-OsUOA
245 _a"Руська Трійця"
_bМаркіян Шашкевич, Іван Вагилевич, Яків Гловацький
300 _a152 с.
955 _a2
041 _aukr
080 _a82.09(477)
260 _aК.
_bДніпро
_c1972
044 _aUA
650 7 _a82 Література. Літературознавство
_2UDC
999 _c316146
_d316146